| 000 | 00344nam a2200109Ia 4500 | ||
|---|---|---|---|
| 008 | 171211s9999 xx 000 0 und d | ||
| 245 | _aForce: Animal Drawing: Animal locomotion and design concepts for animators | ||
| 245 | _cMichael D. Mattesi | ||
| 260 | _c2011 | ||
| 650 | _xDrawing | ||
| 856 | _uhttp://down.ebook777.com/007/9780240814353.pdf | ||
| 999 |
_c348009 _d348009 |
||